000 00715nam a2200265Ia 4500
003 OSt
005 20221006151130.0
006 a|||||r|||| 00| 0
007 ta
008 221006b |||||||| |||| 00| 0 jpn d
020 _c¥380
024 _a21,041
037 _bGift, Japan Foundation
_cTextual
040 _aEASL
_cEASL
_bjpn
041 _2jpn
_ajpn
082 _a1008238
100 _aYOMIURI SHINBUN OSAKA SHAKAIBU
_9658383
245 0 _aChugoku irei
260 _aTokyo
_bKadokawa Bunko Japan
_c1985
300 _a240p.
_ccm.
490 _v JL
650 _aJL
942 _h1008238
_cTEXL
_2CC
999 _c1089127
_d1089127